Statistiques concernant Trouve les paroles - A nos actes manqués - Jean-Jacques Goldman

Cliquez ici pour prendre le quiz!

Statistiques générales

  • Ce quiz a été pris 48 fois
  • Le résultat moyen est 126 sur 205

Statistiques - réponses

Réponse% Correct
A
100%
a
100%
à
100%
actes
97%
manqués
97%
nos
97%
ce
89%
les
89%
me
89%
mes
89%
tous
89%
Tous
89%
que
83%
qui
83%
je
81%
ces
78%
ceux
78%
pas
78%
soleils
72%
sont
72%
su
72%
vrais
72%
n'ai
69%
Tout
69%
tout
69%
Au
67%
côté
67%
de
67%
et
67%
ne
67%
nous
67%
passés
67%
ratés
67%
loupés
61%
mais
61%
ses
61%
aux
58%
Aux
58%
plus
56%
chemins
53%
pense
53%
qu'on
53%
mots
50%
qu'il
50%
sans
50%
aura
47%
enfin
47%
été
47%
fallu
47%
moments
47%
partager
47%
j'ai
44%
mauvais
44%
sommeils
44%
tuer
44%
aimé
42%
briser
42%
fait
42%
juste
42%
touchent
42%
trop
42%
arrive
39%
aurait
39%
celles
39%
mensonges
39%
porter
39%
silences
39%
tard
39%
bateaux
36%
dit
36%
jamais
36%
vite
36%
vu
36%
cru
33%
désespoirs
33%
d'ignorer
33%
impossibles
33%
peurs
33%
phrases
33%
près
33%
amours
31%
c'que
31%
douleurs
31%
inventés
31%
j'aurais
31%
j'avais
31%
malentendus
31%
mieux
31%
monde
31%
murs
31%
n'aurais
31%
ont
31%
oublis
31%
vivants
31%
vraiment
31%
échanger
28%
solos
28%
trahisons
28%
Comme
25%
faiblesses
25%
frôlés
25%
osées
25%
tuent
25%
d'enfants
22%
rimer
22%
autant
19%
croisés
19%
masques
19%
perdues
19%
portés
19%
regrettées
19%
années
17%
dentelles
17%
ressembler
17%
s'être
17%
d'autres
14%
échoués
14%
notes
14%
tenter
14%
Visages
14%

Distribution des résultats

Percentile par nombre de réponses

% des personnes avec chaque résultat

Votre développement - résultats

Vous n’avez pas pris ce quiz